[Event "Corsica Masters op 13th"]
[Site "Bastia"]
[Date "2009.10.26"]
[Round "3"]
[White "Costa, Pierre Mathieu"]
[Black "Mullon, Jean Baptiste"]
[Result "0-1"]
[WhiteElo "1958"]
[BlackElo "2368"]
[PlyCount "74"]
[EventDate "2009.10.25"]
[EventType "swiss"]
[EventRounds "9"]
[EventCountry "FRA"]
[SourceTitle "EXT 2010"]
[Source "ChessBase"]
[SourceDate "2010.11.25"]
[SourceVersion "1"]
[SourceVersionDate "2010.11.25"]
[SourceQuality "1"]

1. d4 d5 2. c4 c6 3. Nc3 Nf6 4. Nf3 dxc4 5. a4 Bf5 6. Ne5 Nbd7 7. Nxc4 Qc7 8. g3 e5 9. dxe5 Nxe5 10. Bf4 Nfd7 11. e4 Be6 12. Qh5 g5 13. Bxe5 Nxe5 14. Nxe5 Qxe5 15. 0-0-0 Bg7 16. Bh3 Bxh3 17. Qxh3 0-0 18. f4 gxf4 19. gxf4 Qxf4+ 20. Kb1 Rad8 21. Rdf1 Qh6 22. Qf5 Rd6 23. e5 Re6 24. Rhg1 Kh8 25. Re1 Qh4 26. Re4 Qe7 27. Rg5 Rg6 28. Rh5 Qe6 29. Qf2 f5 30. exf6 Qxf6 31. Qxa7 Qf1+ 32. Ka2 Bxc3 33. Reh4 Qf7+ 34. Ka3 Bxb2+ 35. Kb4 Rg4+ 36. Rxg4 Qxh5 37. Rc4 Qe5 0-1

[Event "Corsica CC-B"]
[Site "Corsica"]
[Date "2004.08.01"]
[Round "1"]
[White "Poesson, Thierry"]
[Black "Costa, Pierre Mathieu"]
[Result "0-1"]
[WhiteElo "2040"]
[BlackElo "1958"]
[PlyCount "90"]
[EventDate "2004.08.01"]
[EventType "tourn"]
[EventRounds "9"]
[EventCountry "FRA"]
[SourceTitle "EXT 2008"]
[Source "ChessBase"]
[SourceDate "2007.11.25"]
[SourceVersion "1"]
[SourceVersionDate "2007.11.25"]
[SourceQuality "1"]

1. d4 Nf6 2. Nf3 g6 3. Bf4 Bg7 4. e3 0-0 5. Be2 d6 6. h3 Nbd7 7. 0-0 Nh5 8. Bh2 e5 9. c4 f5 10. Nc3 f4 11. b4 Bh6 12. dxe5 Bg7 13. Nd4 Nxe5 14. Bxh5 gxh5 15. Bxf4 Ng6 16. Bh2 c5 17. bxc5 dxc5 18. Nde2 Be6 19. Qb3 Qd3 20. Rfd1 Qxc4 21. Qxc4 Bxc4 22. Rac1 b5 23. Rd2 Rfd8 24. Rcd1 Rxd2 25. Rxd2 a6 26. Ne4 Bxe2 27. Rxe2 Rd8 28. Bd6 c4 29. Bb4 Rd1+ 30. Kh2 Ne5 31. Nc5 Nd3 32. Nxa6 Nxb4 33. Nxb4 Bf8 34. Nc6 c3 35. Rc2 b4 36. Nd4 Rd2 37. Kg3 Bc5 38. Rc1 Rxa2 39. Nb3 Be7 40. Kf3 Rb2 41. Nd4 Kf7 42. g4 h4 43. Nf5 Bf8 44. Nxh4 c2 45. Ke2 b3 0-1